| 000 | 00541cam a2200205ua 4500 | ||
|---|---|---|---|
| 001 | 6977 | ||
| 008 | 141118n ii |||gr||||Z||||||eng | ||
| 020 | _a9789381784211 | ||
| 040 | _cMAIN | ||
| 041 | _aeng | ||
| 082 | _a361 | ||
| 100 |
_aHazarika, Dhiren, _eAuthor. |
||
| 245 | 1 |
_aSamajik jarip gavesana pranali aru parisankha _cBy Dhiren Hazarika |
|
| 250 | _a2nd rev. | ||
| 260 |
_aJorhat: _bBidya Bhawan, _c2013. |
||
| 300 | _a228p. | ||
| 653 | _aSocial problems & social welfare in general | ||
| 653 | _aSocial research | ||
| 942 | _cBK | ||
| 999 |
_c6118 _d6118 |
||